| 000 | 01082nam a2200229Ia 4500 | ||
|---|---|---|---|
| 999 |
_c55984 _d55984 |
||
| 001 | 23083 | ||
| 003 | GE_BSU | ||
| 005 | 20230707175636.0 | ||
| 008 | 181216s1975||||ge |||||||||||||| ||geo|| | ||
| 040 | _cGE_BSU | ||
| 041 | _ageo | ||
| 080 | _a821.112.2-311.6 ფ-78 | ||
| 100 |
_aფოიხტვანგერი, ლ. _919209 |
||
| 245 |
_aჰერცოგის უსახური ასული მარგარიტა მაულტაში : _bისტორიული რომანი / _cლ. ფოიხტვანგერი ; გერმ. თარგმნა ე. კვახაძემ. |
||
| 264 |
_aთბილისი : _bსაბჭ. საქართველო, _c1975. |
||
| 300 |
_a296 გვ. ; _c21 სმ. |
||
| 541 | _h4 ლ. | ||
| 653 | _aჰერცოგის უსახური ასული მარგარიტა მაულტაში | ||
| 653 | _aისტორიული რომანი | ||
| 700 |
_aკვახაძე, ე. _eმთარგმნელი _919210 |
||
| 942 |
_cBK _2udc |
||